Statistics for Number of World Cup by countries Click Quiz

Click here to take the quiz!

General Stats

  • This quiz has been taken 85 times
    (21 since last reset)
  • The average score is 10 of 11

Answer Stats

HintAnswer% Correct
Brazil5
100%
United States0
95%
Poland0
95%
England1
95%
France2
95%
USSR0
84%
Uruguay2
84%
Spain1
79%
Germany4
79%
Argentina3
74%
Italy4
74%

Score Distribution

Percentile by Number Answered

Percent of People with Each Score

Your Score History

You have not taken this quiz since the last reset